000 nam a22 a 4500
999 _c3461
_d3461
005 20170523090933.0
008 170523b2015 nju||||| |||| 00| 0 eng d
020 _a9781118968154
040 _aAKMAL
082 _a658.4092 OLS
090 _a658.4092
_bOLS
100 _aOlson, Aaron K.
_d1974-
_96956
245 _aLeading with strategic thinking
_bfour ways effective leaders gain insight, drive change, and get results /
_cAaron K. Olson, B. Keith Simerson
264 _aHoboken, New Jersey
_bWiley
_c[2015]
300 _axxvii, 291 pages
_c24cm
500 _aFormerly CIP.
504 _aIncludes bibliographical references (pages 261-277) and index.
520 _a "Be a more effective leader with strategic thinkingLeading with Strategic Thinking reveals what effective leaders do differently. Eschewing the one-size-fits-all leadership model, this helpful guide outlines four general leadership types and demonstrates how each type achieves success - whether through personal vision, structured process, collaboration, or by empowering others. The authors identify the actions and skills that distinguish strategic leadership, drawn from interviews and focus groups with over three hundred leaders from around the world. Examples and case studies illustrate these concepts in action, and the provided reference materials steer readers toward more advanced information on this important topic.The disruptive forces of technology and globalization raise new challenges for leaders. This book is a manual that will help executives and aspiring leaders harness these forces and address the two central questions of strategic leadership: How do the best leaders develop their strategy? How do effective leaders drive strategic change? Becoming a strategic leader isn't about mimicking an icon. The most effective leaders seize opportunity in a way that consciously integrates environmental requirements, stakeholder expectations, and personal ability. Leading with Strategic Thinking shows what these leaders do, and gives anyone the tools to be a more strategic leader"-- |c Provided by publisher.
530 _aAlso issued online.
650 _aLeadership.
_9120
650 _aLeadership.
_9120
650 _aProblem solving.
_91043
650 _2bisacsh
_aBUSINESS & ECONOMICS / Leadership.
_96957
700 _aSimerson, Byron K.
_96958
942 _2ddc
_cBOOK